Postcolonial Indian writing: between co-option and resistance. (Record no. 157385)

MARC details
000 -LEADER
fixed length control field 00589nam a2200205Ia 4500
003 - CONTROL NUMBER IDENTIFIER
control field OSt
005 - DATE AND TIME OF LATEST TRANSACTION
control field 20230413113438.0
008 - FIXED-LENGTH DATA ELEMENTS--GENERAL INFORMATION
fixed length control field 210423s2003 xx 000 0 und d
020 ## - INTERNATIONAL STANDARD BOOK NUMBER
International Standard Book Number 8170338018
040 ## - CATALOGING SOURCE
Transcribing agency AL
041 ## - LANGUAGE CODE
Language code of text/sound track or separate title eng
082 ## - DEWEY DECIMAL CLASSIFICATION NUMBER
Classification number 820.9358
Edition number 23
Item number SHAM
100 ## - MAIN ENTRY--PERSONAL NAME
Personal name SHARMA (Meenakshi).
9 (RLIN) 87838
245 ## - TITLE STATEMENT
Title Postcolonial Indian writing: between co-option and resistance.
260 ## - PUBLICATION, DISTRIBUTION, ETC.
Place of publication, distribution, etc. New Delhi
Name of publisher, distributor, etc. Rawat Publications
Date of publication, distribution, etc. 2003
300 ## - PHYSICAL DESCRIPTION
Extent 341
Other physical details HB
365 ## - TRADE PRICE
Price amount 650
Currency code INR
906 ## - LOCAL DATA ELEMENT F, LDF (RLIN)
a between ; co-option ; Indian ; Postcolonial ; resistance. ; writing:
942 ## - ADDED ENTRY ELEMENTS (KOHA)
Source of classification or shelving scheme Dewey Decimal Classification
Koha item type Book
Holdings
Withdrawn status Lost status Damaged status Not for loan Collection code Home library Current library Date acquired Source of acquisition Cost, normal purchase price Total Checkouts Full call number Barcode Date last seen Price effective from Koha item type
        MA English St Aloysius PG Library St Aloysius PG Library 10/09/2009 Athulya Books 650.00   820.9358 SHAM PG003861 08/24/2022 04/26/2021 Book